| 000 | 00456cam a2200181ua 4500 | ||
|---|---|---|---|
| 020 | _cRs 2.00 | ||
| 041 |
_amal _h |
||
| 082 |
_a894.812 2 _bGOP/AM |
||
| 100 | _aGopinathan Nair, T N. | ||
| 245 |
_aAmma veedu / _cT N Gopinathan Nair. _hTextual Documents |
||
| 260 |
_aEranakulam : _bParishath book stall , _c1959. |
||
| 300 | _a155 ; . | ||
| 365 | _aRs 2.00 | ||
| 504 | _a | ||
| 650 | _aDrama - Malayalam | ||
| 942 | _cBK | ||
| 999 |
_c585 _d585 |
||